ბათუმის შოთა რუსთაველის სახელმწიფო უნივერსიტეტის ბიბლიოთეკა

Fundamentals of general, organic, and biological chemistry / (ბიბ.ჩანაწერი № 48272)

000 -LEADER
fixed length control field 00702cam a2200205 a 4500
001 - CONTROL NUMBER
control field 15561439
005 - DATE AND TIME OF LATEST TRANSACTION
control field 20221114163512.0
008 - FIXED-LENGTH DATA ELEMENTS--GENERAL INFORMATION
fixed length control field 081218s2010 njua 001 0 eng
020 ## - INTERNATIONAL STANDARD BOOK NUMBER
International Standard Book Number 9780136054504x
041 ## - LANGUAGE CODE
Language code of text/sound track or separate title eng
080 ## - UNIVERSAL DECIMAL CLASSIFICATION NUMBER
Universal Decimal Classification number 547 F-97
245 00 - TITLE STATEMENT
Title Fundamentals of general, organic, and biological chemistry /
Statement of responsibility, etc. John McMurry ... [et al.].
250 ## - EDITION STATEMENT
Edition statement 6th ed.
264 ## - PRODUCTION, PUBLICATION, DISTRIBUTION, MANUFACTURE, AND COPYRIGHT NOTICE
Place of production, publication, distribution, manufacture Upper Saddle River, NJ :
Name of producer, publisher, distributor, manufacturer Pearson Prentice Hall,
Date of production, publication, distribution, manufacture, or copyright notice 2010.
300 ## - PHYSICAL DESCRIPTION
Extent 901p .xxiii, 901, 61 p. :
Other physical details ill. (chiefly col.) ;
Dimensions 29 cm.
653 ## - INDEX TERM--UNCONTROLLED
keyword ბიოლოგია
653 ## - INDEX TERM--UNCONTROLLED
keyword ორგანული საფუძვლები
700 1# - ADDED ENTRY--PERSONAL NAME
Personal name McMurry, John.
Relator term ავტორი
9 (RLIN) 7513
942 ## - ADDED ENTRY ELEMENTS (KOHA)
Source of classification or shelving scheme
Koha item type წიგნი
ეგზემპლარები
Withdrawn status Lost status Source of classification or shelving scheme Damaged status Not for loan Permanent Location Current Location Shelving location Date acquired Cost, normal purchase price Full call number Barcode Date last seen Copy number Price effective from Koha item type Public note
          ბათუმის შოთა რუსთაველის სახელმწიფო უნივერსიტეტის მთავარი ბიბლიოთეკა ბათუმის შოთა რუსთაველის სახელმწიფო უნივერსიტეტის მთავარი ბიბლიოთეკა წიგნსაცავი 2018-12-17 550.00 547 F-97 710 2018-12-17 710 2018-12-17 წიგნი 550 ლ.